000 00224nam a2200109Ia 4500
100 _aD.G.E.T.
942 _cBK
245 _aELECTRICIAN SYLLABUS
260 _bASIAN PUBLISHERS
_aNew Delhi.
546 _aENGLISH
999 _c34045
_d34045